| 000 | 01396nam a22003737a 4500 | ||
|---|---|---|---|
| 003 | CHAP | ||
| 005 | 20220817043641.0 | ||
| 008 | 000329d1987 it rn 00010 spa d | ||
| 010 | _a80608 | ||
| 011 | _a81580 | ||
| 020 | _a9250025653 | ||
| 035 | _a92053 | ||
| 040 | _cCHAP | ||
| 082 | 1 | 0 |
_a639.2 _bF46 v.384 |
| 110 | 2 | _aFAO. Comisión de Pesca para el Atlántico Centro-Occidental | |
| 245 | 1 | 0 |
_aInforme de la reunión del grupo de trabajo sobre estadísticas de pesca (4o) _c/por FAO |
| 260 |
_aRoma : _bFAO, _c1987 |
||
| 300 | _a58 p. : | ||
| 490 | 0 |
_aFAO. Informe de pesca _v; 384 |
|
| 500 | _aEdición trilingue (inglés, francés, español) | ||
| 590 |
_aBATCH-UPD _b10 _c20130110 _lUCH01 _h1043 |
||
| 590 |
_aBATCH-UPD _b10 _c20130410 _lUCH01 _h0643 |
||
| 590 |
_aBATCH-UPD _b10 _c20130914 _lUCH01 _h1348 |
||
| 590 |
_aCONVERSION _b10 _c20130109 _lUCH01 _h1345 |
||
| 650 | 1 | 4 |
_aPesca _xEstadísticas. _987379 |
| 650 | 1 | 4 |
_aProcesamiento automático de datos en piscicultura. _991805 |
| 830 | 0 |
_aFAO. Informe de pesca _v; 384 _939587 |
|
| 901 | _aBK | ||
| 905 | _aPatricia Mendoza P. | ||
| 942 | _cLIBRO | ||
| 949 |
_a639.2 F46 v.384 _bBC _cFAO _d33724000770863 _eFAO2 _fc.3 _gDonaciØn _h97500 _i92053 _sb |
||
| 949 |
_a639.2 F46 v.384 _bBC _cFAO _d33724000770871 _eFAO2 _fc.2 _gDonaciØn _h97499 _i92053 _sb |
||
| 949 |
_a639.2 F46 v.384 _bBC _cFAO _d33724000770889 _eFAO1 _gDonaciØn _h97498 _i92053 _sb |
||
| 999 |
_c80608 _d80608 |
||